Country Deduction Puzzle #4 - Statistics

General Stats
  • This quiz has been taken 63 times
  • The average score is 5 of 12
Answer Stats
Answer % Correct
Colombia
82%
Brazil
68%
Venezuela
41%
Bolivia
36%
Chile
36%
Guyana
36%
Argentina
32%
Peru
32%
Suriname
32%
Ecuador
27%
Uruguay
27%
Paraguay
23%
No matching quizzes found
Score Distribution
Percent of People with Each Score
Percentile by Number Answered
Your Score History
You have not taken this quiz